| 000 | 02203cam a2200373 i 4500 | ||
|---|---|---|---|
| 001 | 17588439 | ||
| 005 | 20221228094658.0 | ||
| 008 | 130111s2013 nyuabf b 001 0 eng | ||
| 010 | _a 2012051769 | ||
| 020 | _a9781568586717 (hbk.) | ||
| 040 |
_aDLC _beng _cDLC _erda _dDLC |
||
| 042 | _apcc | ||
| 043 | _an-us--- | ||
| 050 | 0 | 0 |
_aE897 _b.S33 2013 |
| 082 | 0 | 0 |
_a355.00973,SCA _223 |
| 100 | 1 |
_aScahill, Jeremy. _913158 |
|
| 245 | 1 | 0 |
_aDirty wars : _bthe world is a battlefield / _cJeremy Scahill. |
| 264 | 1 |
_aNew York : _bNation Books, _c[2013] |
|
| 300 |
_axxiv, 642 pages, 8 pages of plates : _bcolor illustrations, maps ; _c25 cm |
||
| 336 |
_atext _2rdacontent |
||
| 337 |
_aunmediated _2rdamedia |
||
| 338 |
_avolume _2rdacarrier |
||
| 505 | 0 | _aPrologue (Page-1), Washington, DC 2001-2002 (Page-3), The United States and Yemen, 1971-2002 (Page-31), Washington, 1979-2001 (Page-48), Yemen, 1970-2001; Washington, DC, 2001 (Page-61), The United Kingdom, the United States and Yemen, 2002-2003 (Page-67), Washington, DC, Yemen and Djibouti, 2002 (Page-75), Washington, DC, 2002 (Page-81), Washington, DC, 2002-2003 (Page-85), The United States, 1974-2003, Iraq 2003 (Page-102), Somalia, 1993-2004 (Page-118), Yemen, 2003-2006 (Page-130), United Kingdom, 2003 (Page-134), Iraq, 2003-2005 (Page-138), Washington, DC and Yemen 2011 (Page-507). | |
| 650 | 0 |
_aSpecial operations (Military science) _zUnited States _xHistory _y21st century. _9106157 |
|
| 650 | 0 |
_aTerrorism _xPrevention _zUnited States _xGovernment policy _xHistory _y21st century. _9106158 |
|
| 650 | 0 |
_aTargeted killing _zUnited States _xHistory _y21st century. _9106159 |
|
| 650 | 0 |
_aIntelligence service _zUnited States _xHistory _y21st century. _9106160 |
|
| 651 | 0 |
_aUnited States _xHistory, Military _y21st century. _9106161 |
|
| 651 | 0 |
_aUnited States _xMilitary policy. |
|
| 651 | 0 |
_aUnited States _xMilitary policy _xMoral and ethical aspects. _9106162 |
|
| 906 |
_a7 _bcbc _corignew _d1 _eecip _f20 _gy-gencatlg |
||
| 942 |
_2ddc _cBK _k355.00973,SCA |
||
| 999 |
_c592829 _d592829 |
||